000 00451nam a2200181Ia 4500
001 9948
005 20260306161756.0
008 260306t2000||||xx |||||||||||||| ||spa||
041 _aESP
082 _aGB 823
_bC28
100 _aCarroll, Lewis
_eAUT
245 0 _aAlicia en el país de las maravillas; Al otro lado del espejo
260 _c2000
300 _a162 páginas :
_c23 cm.
650 _aGEN
654 _aCHU
942 _cLIB
_dJUS
_fJUS
_2ddc
_n
999 _c9948
_d9948